000 00718cam a2200253 a 4500
001 1577132
005 20180109083612.0
008 930325s1994 nju 001 0 eng c
010 _a 93001344
020 _a0130645850
040 _aDNLM/DLC
_cDLC
_dDLC
041 _aeng
043 _an-us---
060 _aW 32.5 AA1 L76m 1994
080 _a174..2 MIC
082 0 0 _a174..2 MIC
_220
100 1 _a16
101 _aJUR
245 1 0 _aMedical law & ethics /
_cMichel Lipman.
740 0 _aMedical law and ethics.
906 _a7
_bcbc
_corignew
_d1
_eocip
_f19
_gy-gencatlg
942 _2ddc
_cBK
999 _c39960
_d39960